Statistics for Common Answers in Top 100 Biggest Cities in Oregon

Click here to take the quiz!

General Stats

  • This quiz has been taken 15 times
  • The average score is 17 of 25

Answer Stats

PercentCity% Correct
100%Portland
100%
81%Salem
100%
69%Beaverton
91%
85%Eugene
91%
85%Bend
82%
54%Corvallis
82%
42%Albany
73%
69%Astoria
73%
46%Grants Pass
73%
65%Hillsboro
73%
42%Klamath Falls
73%
62%Medford
73%
42%Tigard
73%
62%Gresham
64%
42%Coos Bay
55%
42%Lake Oswego
55%
38%Newport
55%
35%Ontario
55%
50%Oregon City
55%
31%Redmond
55%
31%Tualatin
55%
35%Pendleton
45%
35%Seaside
45%
50%The Dalles
45%
31%Lincoln City
36%

Score Distribution

Percentile by Number Answered

Percent of People with Each Score

Your Score History

You have not taken this quiz